Loading...
| Literature - European | 0 | 5 | 1 | 0 | 45 | 90 | 116.20 | 0 | 1 | 0.00 | 0.00 |
| Literature - World | 0 | 4 | 0 | 0 | 40 | 97 | 110.75 | 0 | 0 | 0.00 | 0.00 |
| Science - Physics | 0 | 3 | 0 | 0 | 30 | 58 | 86.33 | 0 | 1 | 0.00 | 0.00 |
| Literature - American | 0 | 3 | 0 | 0 | 30 | 94 | 115.00 | 0 | 0 | 0.00 | 0.00 |
| Philosophy | 0 | 3 | 1 | 0 | 25 | 74 | 93.00 | 0 | 1 | 0.00 | 0.00 |
| Literature - British | 0 | 3 | 2 | 0 | 20 | 39 | 44.00 | 0 | 3 | 0.00 | 0.00 |
| Science - Chemistry | 0 | 2 | 0 | 1 | 20 | 103 | 110.00 | 0 | 0 | 0.00 | 0.00 |
| Religion | 0 | 2 | 1 | 2 | 15 | 118 | 125.50 | 0 | 0 | 0.00 | 0.00 |
| Fine Arts - Painting and Sculpture | 0 | 2 | 1 | 0 | 15 | 89 | 107.00 | 0 | 2 | 0.00 | 0.00 |
| Fine Arts - Other | 0 | 1 | 0 | 0 | 10 | 117 | 117.00 | 0 | 0 | 0.00 | 0.00 |
| Current Events | 0 | 1 | 0 | 1 | 10 | 113 | 113.00 | 0 | 0 | 0.00 | 0.00 |
| Popular Culture | 0 | 1 | 0 | 0 | 10 | 54 | 54.00 | 0 | 1 | 0.00 | 0.00 |
| Science - Biology | 0 | 1 | 0 | 1 | 10 | 105 | 105.00 | 0 | 0 | 0.00 | 0.00 |
| History - Other | 0 | 1 | 1 | 0 | 5 | 89 | 89.00 | 0 | 0 | 0.00 | 0.00 |
| History - American | 0 | 0 | 0 | 0 | 0 | 0.00 | 0 | 0 | 0.00 | 0.00 | |
| History - World | 0 | 0 | 2 | 0 | -10 | 0.00 | 0 | 0 | 0.00 | 0.00 | |
| Science - Other | 0 | 0 | 2 | 0 | -10 | 0.00 | 0 | 0 | 0.00 | 0.00 |